Cải thiện máy bơm ly tâm nội hóa

Gespeichert in:
Bibliographische Detailangaben
1. Verfasser: Đỗ Thoại Sơn
Format: Buch
Sprache:Undetermined
Veröffentlicht: Cần Thơ Viện Đại học Cần Thơ - Trường Cao Đẳng Nông Nghiệp 1973
Schlagworte:
Tags: Tag hinzufügen
Keine Tags, Fügen Sie den ersten Tag hinzu!
Thư viện lưu trữ: Trung tâm Học liệu Trường Đại học Cần Thơ
LEADER 00620nam a2200181Ia 4500
001 CTU_33522
008 210402s9999 xx 000 0 und d
082 |a 631.3 
082 |b S464 
100 |a Đỗ Thoại Sơn 
245 0 |a Cải thiện máy bơm ly tâm nội hóa 
245 0 |c Đỗ Thoại Sơn 
260 |a Cần Thơ 
260 |b Viện Đại học Cần Thơ - Trường Cao Đẳng Nông Nghiệp 
260 |c 1973 
650 |a agricultural machinery,farm equipment,pumping mahinery 
904 |i Minh, 991101 
980 |a Trung tâm Học liệu Trường Đại học Cần Thơ